<?xml version="1.0" encoding="UTF-8"?>
<record
    xmlns:xsi="http://www.w3.org/2001/XMLSchema-instance"
    xsi:schemaLocation="http://www.loc.gov/MARC21/slim http://www.loc.gov/standards/marcxml/schema/MARC21slim.xsd"
    xmlns="http://www.loc.gov/MARC21/slim">

  <leader>02318njm a2200433Ia 4500</leader>
  <controlfield tag="001">62733</controlfield>
  <controlfield tag="003">IT-RoPAU</controlfield>
  <controlfield tag="005">20220918181139.0</controlfield>
  <controlfield tag="008">131025s9999    xx            000 0 und d</controlfield>
  <datafield tag="040" ind1=" " ind2=" ">
    <subfield code="a">IT-RoPAU</subfield>
  </datafield>
  <datafield tag="040" ind1=" " ind2=" ">
    <subfield code="c">IT-RoPAU</subfield>
  </datafield>
  <datafield tag="041" ind1=" " ind2=" ">
    <subfield code="a">ITALIANO</subfield>
  </datafield>
  <datafield tag="999" ind1=" " ind2=" ">
    <subfield code="c">101144</subfield>
    <subfield code="d">101144</subfield>
  </datafield>
  <datafield tag="999" ind1=" " ind2=" ">
    <subfield code="b">n.d.</subfield>
  </datafield>
  <datafield tag="100" ind1=" " ind2=" ">
    <subfield code="a">AA.VV.</subfield>
    <subfield code="9">794</subfield>
  </datafield>
  <datafield tag="100" ind1=" " ind2=" ">
    <subfield code="e">Autore musica</subfield>
    <subfield code="9">23307</subfield>
  </datafield>
  <datafield tag="100" ind1=" " ind2=" ">
    <subfield code="g">Codice autore musica SPICS: 12000</subfield>
    <subfield code="9">796</subfield>
  </datafield>
  <datafield tag="245" ind1=" " ind2=" ">
    <subfield code="a">Pubblica ottusit&#xE0; (La)-Lp Cln 20699</subfield>
  </datafield>
  <datafield tag="250" ind1=" " ind2=" ">
    <subfield code="a">1a ed.</subfield>
  </datafield>
  <datafield tag="260" ind1=" " ind2=" ">
    <subfield code="a">MILANO</subfield>
  </datafield>
  <datafield tag="260" ind1=" " ind2=" ">
    <subfield code="b">CLAN</subfield>
    <subfield code="c">1987 [1a Ed.:1987 - Ed. Lingua Orig.: 1987]</subfield>
  </datafield>
  <datafield tag="300" ind1=" " ind2=" ">
    <subfield code="a">DISCO</subfield>
  </datafield>
  <datafield tag="300" ind1=" " ind2=" ">
    <subfield code="c">37 minuti (Testo:  pag.)</subfield>
  </datafield>
  <datafield tag="500" ind1=" " ind2=" ">
    <subfield code="a">Musica leggera. Canzone italiana</subfield>
  </datafield>
  <datafield tag="505" ind1=" " ind2=" ">
    <subfield code="a">La pubblica ottusit&#xE0; (6:00) - Dolce rompi (5:00) - E' ancora sabato (4:00) - Fresco (4:00) - L'ultimo gigante (5:00) - C'&#xE8; qualcosa che non va (5:00) - Mi attrai (4:00) - La luce del sole  (6:00)</subfield>
  </datafield>
  <datafield tag="650" ind1=" " ind2=" ">
    <subfield code="a">LEGGERA ITALIAN [DISCHI]</subfield>
    <subfield code="e">Codice MATERIA SPICS: 9950</subfield>
    <subfield code="9">23160</subfield>
  </datafield>
  <datafield tag="700" ind1=" " ind2=" ">
    <subfield code="a">Celentano Adriano</subfield>
    <subfield code="g">Codice interprete SPICS: 10821</subfield>
    <subfield code="e">Interprete</subfield>
    <subfield code="9">23308</subfield>
  </datafield>
  <datafield tag="700" ind1=" " ind2=" ">
    <subfield code="a">Soffici Roberto</subfield>
    <subfield code="g">Codice autore musica SPICS: 11161</subfield>
    <subfield code="e">Autore musica</subfield>
    <subfield code="p">La pubblica ottusit&#xE0;</subfield>
    <subfield code="9">23309</subfield>
  </datafield>
  <datafield tag="700" ind1=" " ind2=" ">
    <subfield code="a">Celentano Adriano</subfield>
    <subfield code="g">Codice autore testo/musica SPICS: 10821</subfield>
    <subfield code="e">Autore testo/musica</subfield>
    <subfield code="p">La pubblica ottusit&#xE0; - L'ultimo gigante - C'&#xE8; qualcosa che non va - La luce del sole </subfield>
    <subfield code="9">23310</subfield>
  </datafield>
  <datafield tag="700" ind1=" " ind2=" ">
    <subfield code="a">Bigazzi Giancarlo</subfield>
    <subfield code="g">Codice autore musica SPICS: 13839</subfield>
    <subfield code="e">Autore musica</subfield>
    <subfield code="p">Dolce rompi - Mi attrai</subfield>
    <subfield code="9">23311</subfield>
  </datafield>
  <datafield tag="700" ind1=" " ind2=" ">
    <subfield code="a">Prudente Oscar</subfield>
    <subfield code="g">Codice autore SPICS: 13875</subfield>
    <subfield code="e">Autore</subfield>
    <subfield code="p">Dolce rompi</subfield>
    <subfield code="9">23312</subfield>
  </datafield>
  <datafield tag="700" ind1=" " ind2=" ">
    <subfield code="a">Albini G.</subfield>
    <subfield code="g">Codice autore testo/musica SPICS: 22313</subfield>
    <subfield code="e">Autore testo/musica</subfield>
    <subfield code="p">Dolce rompi - Mi attrai</subfield>
    <subfield code="9">23313</subfield>
  </datafield>
  <datafield tag="700" ind1=" " ind2=" ">
    <subfield code="a">Pirazzoli G.</subfield>
    <subfield code="g">Codice autore musica SPICS: 22314</subfield>
    <subfield code="e">Autore musica</subfield>
    <subfield code="p">E' ancora sabato - La luce del sole </subfield>
    <subfield code="9">23314</subfield>
  </datafield>
  <datafield tag="700" ind1=" " ind2=" ">
    <subfield code="a">Jackson Ronald</subfield>
    <subfield code="g">Codice autore SPICS: 22315</subfield>
    <subfield code="e">Autore</subfield>
    <subfield code="p">E' ancora sabato</subfield>
    <subfield code="9">23315</subfield>
  </datafield>
  <datafield tag="700" ind1=" " ind2=" ">
    <subfield code="a">Calabrese Giorgio</subfield>
    <subfield code="g">Codice autore testo/musica SPICS:  1368</subfield>
    <subfield code="e">Autore testo/musica</subfield>
    <subfield code="p">E' ancora sabato</subfield>
    <subfield code="9">23316</subfield>
  </datafield>
  <datafield tag="700" ind1=" " ind2=" ">
    <subfield code="a">Del Prete Miki</subfield>
    <subfield code="g">Codice autore musica SPICS: 13865</subfield>
    <subfield code="e">Autore musica</subfield>
    <subfield code="p">Fresco</subfield>
    <subfield code="9">23317</subfield>
  </datafield>
  <datafield tag="700" ind1=" " ind2=" ">
    <subfield code="a">Santercole Gino</subfield>
    <subfield code="g">Codice autore SPICS: 18035</subfield>
    <subfield code="e">Autore</subfield>
    <subfield code="p">Fresco</subfield>
    <subfield code="9">23318</subfield>
  </datafield>
  <datafield tag="700" ind1=" " ind2=" ">
    <subfield code="a">Barbagallo S.</subfield>
    <subfield code="g">Codice autore musica SPICS: 22316</subfield>
    <subfield code="e">Autore musica</subfield>
    <subfield code="p">L'ultimo gigante</subfield>
    <subfield code="9">23319</subfield>
  </datafield>
  <datafield tag="942" ind1=" " ind2=" ">
    <subfield code="c">MD</subfield>
    <subfield code="2">ddc</subfield>
  </datafield>
  <datafield tag="952" ind1=" " ind2=" ">
    <subfield code="0">0</subfield>
    <subfield code="1">0</subfield>
    <subfield code="4">0</subfield>
    <subfield code="6">62733_000000000000000</subfield>
    <subfield code="7">1</subfield>
    <subfield code="a">SPICS</subfield>
    <subfield code="b">SPICS</subfield>
    <subfield code="d">2013-10-25</subfield>
    <subfield code="l">0</subfield>
    <subfield code="o">62733</subfield>
    <subfield code="r">2013-10-25 00:00:00</subfield>
    <subfield code="w">2013-10-25</subfield>
    <subfield code="y">MD</subfield>
    <subfield code="z">Progr. Ins.: 15833 / N.Vol.: 1 / Copie: 1 - Copia rara: n.d. / date import: 01.01.2014 - By Epidotti, Trombetti, Vaglietti</subfield>
  </datafield>
</record>
